Nagljadnyje sredstva v prepodavanii filosofii.

Uložené v:
Podrobná bibliografia
Hlavný autor: Štraks, Grigorij Markovič (Author)
Médium: Kniha
Jazyk:Russian
Vydané: Moskva : Izdatel´stvo Moskovskogo universiteta, 1976.
Fyzický popis: 68 strán.
Tagy: Pridať tag
Žiadne tagy, Buďte prvý kto otaguje tento záznam!

MARC

LEADER 00000nam a22000002i 4500
001 000636310
005 20200430105629.0
008 200430s1976 ru e 000 0 rus d
020 |c Kčs 2,20  |q (brožované) 
040 |a SVKKK  |b slo  |c SVKKK  |e rda 
100 1 |a Štraks, Grigorij Markovič  |4 aut 
245 1 0 |a Nagljadnyje sredstva v prepodavanii filosofii. 
264 1 |a Moskva :  |b Izdatel´stvo Moskovskogo universiteta,  |c 1976. 
300 |a 68 strán. 
336 |a text  |b txt  |2 rdacontent 
337 |a bez média  |b n  |2 rdamedia 
338 |a zväzok  |b nc  |2 rdacarrier 
500 |a Záznam revízie 
910 |a svkkk 
998 |a BK 
090 |g SCKHL  |k Sklad Pribinova 2. posch.  |a III.112259  |j 565420  |i 2720731217  |4 Zastaraná  |s Vyradená